01466nam a2200157 a 4500008004100000020001800041041000800059100002300067245006000090250001100150260003000161300002000191500008900211505099700300655001101297161215t2015 ag a|||g |||| 00| p spa d a9789876044479 aspa1 aVera, Clara Miriam 3aLa libertad de sábanas al viento /cClara Miriam Vera a1a ed. aNeuquén:bEDUCO;c2015. a93 p.b23x16 cm aVera, C. M. (2015). La libertad de sábanas al viento. (1a ed.). Neuquén : EDUCO. aEn la jerga futbolística se dice que el potrero de barrio, donde los pibes y las pibas ensayan sus intentos de gambetas, es el "semillero" de los grandes equipos. En este compilado de frescos versos, tenemos un "semillero" de las letras patagónicas y, a la vez, argentinas. Pero, curiosamente, cuando se recorre América Latina a través de sus expresiones sin fama ni renombre, a través de esas deslumbrantes Bases Sociales, el viajero se tropieza con extraordinarias poetisas. Algunas lograron publicar sus sentimientos; otras recitan en los retoranes lo que han escrito con sus manos en enrollados papelitos. Y ellas concuerdan que esa efervescencia literaria merece derrumbar fronteras políticas y difundir, cual fenómeno gaseoso, de una Océano al otro, del Polo Sur al Río Bravo. Por eso las letras son irreverentes con las líneas imaginarias de los mapas. En este compendio poético tenemos una semilla que puede arraigar en un insospechado rincón del Continente.  aPoesia